[Event "10th Asrian Memorial 2017"]
[Site "Yerevan ARM"]
[Date "2017.06.23"]
[Round "3.7"]
[White "Visakh, N R"]
[Black "Postny, Evgeny"]
[Result "0-1"]
[WhiteTitle "IM"]
[BlackTitle "GM"]
[WhiteElo "2470"]
[BlackElo "2580"]
[WhiteFideId "25012223"]
[BlackFideId "2804344"]
[EventDate "2017.06.21"]

1. e4 e5 2. Nf3 Nc6 3. Bb5 a6 4. Ba4 Nf6 5. O-O Be7 6. Re1 b5 7. Bb3 d6 8. c3
O-O 9. h3 Na5 10. Bc2 c5 11. d4 Qc7 12. Nbd2 cxd4 13. cxd4 Nc6 14. d5 Nb4 15.
Bb1 a5 16. Nf1 Na6 17. Be3 Qb8 18. Qd2 Bd8 19. Ng3 Ne8 20. Bd3 Bb6 21. Nh4 Bxe3
22. Rxe3 Nc5 23. Ngf5 Ra7 24. Rg3 f6 25. Qe2 b4 26. Rc1 Bxf5 27. Nxf5 g6 28. Ne3
Rc7 29. Nc4 Rff7 30. Qe3 Qa7 31. Be2 Nd7 32. Qxa7 Rxa7 33. Bg4 Nc5 34. Re3 Rfc7
35. Bd1 Kf8 36. Nd2 Nd7 37. Ra1 a4 38. b3 a3 39. Be2 Nb6 40. Nc4 Nxc4 41. bxc4
Rcb7 42. Rb1 Nc7 43. Bg4 Ke7 44. Reb3 h5 45. Bd1 Na6 46. Rg3 Kf7 47. Ba4 Nc5 48.
Bb5 Nxe4 49. Re3 Nc3 50. Rxb4 Nxa2 51. Rbb3 Nc3 52. Re1 Nxb5 53. cxb5 Ra5 54. b6
Rxd5 55. Rxa3 Rxb6 56. f4 Rdb5 57. fxe5 dxe5 58. Kh2 h4 59. Ra7+ Ke6 60. Rf1 Rb1
61. Rf2 R1b2 62. Rf1 Rb1 63. Rf2 Rd1 64. Rh7 Rb4 65. Rh8 f5 66. Ra2 Kf6 67. Ra7
Kg5 68. Rah7 Rc1 69. Rh6 Rc2 70. Kh1 Rb1+ 71. Kh2 Rcc1 72. Rxh4 f4 73. Rg4+ Kf5
74. Rf8+ Ke4 0-1

[Event "10th Asrian Memorial 2017"]
[Site "Yerevan ARM"]
[Date "2017.06.23"]
[Round "3.8"]
[White "Pashikian, Arman"]
[Black "Yegiazaryan, Armenak"]
[Result "1-0"]
[WhiteTitle "GM"]
[BlackTitle "FM"]
[WhiteElo "2603"]
[BlackElo "2301"]
[WhiteFideId "13301578"]
[BlackFideId "13303082"]
[EventDate "2017.06.21"]

1. d4 d5 2. Nf3 Nf6 3. c4 c6 4. Nc3 dxc4 5. a4 Bf5 6. Ne5 Nbd7 7. Nxc4 Nb6 8. e3
e6 9. a5 Nxc4 10. Bxc4 Ne4 11. Qb3 Rb8 12. Nxe4 Bxe4 13. f3 Bd5 14. e4 Bxc4 15.
Qxc4 a6 16. O-O Bd6 17. Bd2 O-O 18. f4 c5 19. d5 exd5 20. Qxd5 Bc7 21. Qxd8
Rbxd8 22. Bc3 Rfe8 23. Ra4 f6 24. g3 Rd7 25. Kf2 Kf7 26. Rc4 Bd8 27. Re1 Be7 28.
e5 fxe5 29. Rxe5 Bf8 30. Rxe8 Kxe8 31. Re4+ Kf7 32. Kf3 g6 33. Re5 Rd1 34. Ke4
Rh1 35. Rd5 Ke8 36. h4 Rg1 37. Kf3 Be7 38. h5 Rh1 39. hxg6 hxg6 40. g4 Rf1+ 41.
Ke4 Rg1 42. g5 Rg2 43. Rd1 Rh2 44. Be5 Rh4 45. Kd5 Kf7 46. Rd3 Rh1 47. Rb3 Rd1+
48. Kc4 Rd7 49. Rh3 Bd8 50. Bc3 Ke6 51. Rh8 Bc7 52. Rf8 Rf7 53. Rxf7 Kxf7 54.
Kxc5 Ke6 55. b4 Bd8 56. Bf6 Bc7 57. Be5 Bd8 58. Bd6 Kd7 59. Kd5 b6 60. b5 1-0

[Event "10th Asrian Memorial 2017"]
[Site "Yerevan ARM"]
[Date "2017.06.24"]
[Round "4.1"]
[White "Postny, Evgeny"]
[Black "Kovalenko, Igor"]
[Result "1/2-1/2"]
[WhiteTitle "GM"]
[BlackTitle "GM"]
[WhiteElo "2580"]
[BlackElo "2656"]
[WhiteFideId "2804344"]
[BlackFideId "14117908"]
[EventDate "2017.06.21"]

1. d4 Nf6 2. c4 e6 3. g3 c5 4. Nf3 cxd4 5. Nxd4 Bb4+ 6. Bd2 Qb6 7. e3 Nc6 8. Bg2
O-O 9. O-O d5 10. cxd5 Nxd5 11. Nxc6 bxc6 12. Bxb4 Nxb4 13. Qb3 Ba6 14. Rd1 Rab8
15. a3 Nd3 16. Qxb6 axb6 17. b4 c5 18. Nc3 Rfd8 19. bxc5 Nxc5 20. Bf1 Bxf1 21.
Kxf1 Kf8 22. Ke2 Rdc8 23. Rab1 Ke7 24. Rd4 Nd7 25. Nb5 Rc5 26. Rb2 Ra8 27. a4 h5
28. Rbd2 Nf6 29. e4 g5 30. h3 g4 31. hxg4 hxg4 32. Rb4 Re5 33. Rdd4 Rc8 34. Na3
Rc3 35. Nc4 Rxe4+ 36. Rxe4 Nxe4 37. Nxb6 f5 38. a5 Ra3 39. Nc4 Ra2+ 40. Rb2 Ra4
41. Rc2 Nc5 42. Ke3 Kf6 43. f3 gxf3 44. Kxf3 Kg5 45. Kg2 Ne4 46. Nd2 Nxd2 47.
Rxd2 e5 48. Rd8 Ra2+ 49. Kf3 Ra3+ 50. Kf2 Rxa5 51. Rg8+ Kf6 52. Re8 Ra2+ 53. Ke3
Ra3+ 54. Kf2 Rc3 55. Kg2 Rc5 56. Kf2 Kf7 57. Ra8 Ke6 58. Rf8 Rc3 59. Rd8 Ra3 60.
Rf8 Rd3 61. Kg2 Rd2+ 62. Kf3 e4+ 63. Ke3 Rd3+ 64. Kf2 Rf3+ 65. Kg2 Kd5 66. Ra8
Rc3 67. Kf2 Rf3+ 68. Kg2 Rd3 69. Kf2 Kc4 70. Ra4+ Kb5 71. Ra8 Rf3+ 72. Kg2 Kb4
73. Ra7 Rc3 74. Kf2 Kb3 75. Ra5 Rf3+ 76. Kg2 Kc4 77. Ra4+ Kd5 78. Ra5+ Kd4 79.
Ra4+ Ke5 80. Ra5+ Kf6 81. Ra6+ Kg5 82. Ra8 Rc3 83. Rg8+ Kf6 84. Kf2 Rf3+ 85. Kg2
Ra3 86. Kf2 Ke5 87. Re8+ Kd4 88. Rd8+ Kc4 89. Rc8+ Kd3 90. Rd8+ Kc2 91. Rd5 Rf3+
92. Kg2 Rd3 93. Rxf5 e3 94. Ra5 Kd2 95. Ra1 Rd8 96. Ra2+ Kd3 97. Kf1 Rb8 98.
Ra3+ Ke4 99. Ra7 Rb1+ 1/2-1/2

[Event "10th Asrian Memorial 2017"]
[Site "Yerevan ARM"]
[Date "2017.06.24"]
[Round "4.2"]
[White "Maghsoodloo, Parham"]
[Black "Bortnyk, Olexandr"]
[Result "1/2-1/2"]
[WhiteTitle "GM"]
[BlackTitle "GM"]
[WhiteElo "2584"]
[BlackElo "2580"]
[WhiteFideId "12539929"]
[BlackFideId "14120828"]
[EventDate "2017.06.21"]

1. d4 e6 2. Nf3 Nf6 3. Bf4 c5 4. e3 b6 5. Bd3 Bb7 6. O-O Be7 7. h3 O-O 8. Nbd2
d6 9. c3 Re8 10. Qe2 Nbd7 11. Bh2 a6 12. a4 cxd4 13. cxd4 Nd5 14. Ne4 Nb4 15.
Nxd6 Bxd6 16. Bxd6 Nxd3 17. Qxd3 Bxf3 18. gxf3 e5 19. Rad1 Qf6 20. dxe5 Qxf3 21.
Kh2 Nxe5 22. Bxe5 Rxe5 23. Qd8+ Re8 24. Qxb6 Rab8 25. Qd4 g6 26. Rd2 Re4 27. Qd6
Rbe8 28. Ra1 a5 29. Qg3 Qf6 30. Qd6 Qf3 31. b3 R4e5 32. Rg1 Qb7 33. Rd3 Rf5 34.
Rg2 Rc8 35. Qd7 Qxd7 36. Rxd7 Rc2 37. Kg3 Rg5+ 38. Kf3 Rf5+ 39. Ke4 Rb2 40. Rb7
Rh5 41. Kd3 Rxh3 42. Rg5 1/2-1/2

[Event "10th Asrian Memorial 2017"]
[Site "Yerevan ARM"]
[Date "2017.06.24"]
[Round "4.3"]
[White "Melkumyan, Hrant"]
[Black "Mousavi, Seyed Khalil"]
[Result "1-0"]
[WhiteTitle "GM"]
[BlackTitle "IM"]
[WhiteElo "2624"]
[BlackElo "2424"]
[WhiteFideId "13302485"]
[BlackFideId "12511099"]
[EventDate "2017.06.21"]

1. c4 c5 2. Nf3 Nc6 3. Nc3 Nf6 4. e3 e6 5. d4 d5 6. cxd5 exd5 7. Bb5 Bd6 8. dxc5
Bxc5 9. O-O O-O 10. b3 Bg4 11. Be2 a6 12. Bb2 Qd6 13. h3 Bxf3 14. Bxf3 d4 15.
Na4 dxe3 16. Nxc5 Qxc5 17. Rc1 Qg5 18. Bxc6 bxc6 19. Bxf6 Qxf6 20. fxe3 Qe6 21.
Qf3 Rac8 22. Rc5 Rfd8 23. Rfc1 Rd6 24. Kh2 g6 25. Qg4 Qe8 26. R1c3 Rcd8 27. a3
Rf6 28. Qg5 Rdd6 29. Qe5 Rfe6 30. Qg3 Rd2 31. e4 Re2 32. e5 h5 33. Re3 Rxe3 34.
Qxe3 f6 35. Qe4 fxe5 36. Ra5 Qf7 37. Rxa6 Qf4+ 38. Qxf4 exf4 39. h4 Kg7 40. a4
Re3 41. Rb6 Rc3 42. a5 Rc2 43. Rb4 g5 44. a6 f3 45. Kg1 g4 46. gxf3 1-0

[Event "10th Asrian Memorial 2017"]
[Site "Yerevan ARM"]
[Date "2017.06.24"]
[Round "4.4"]
[White "Sengupta, Deep"]
[Black "Andriasian, Zaven"]
[Result "1/2-1/2"]
[WhiteTitle "GM"]
[BlackTitle "GM"]
[WhiteElo "2594"]
[BlackElo "2622"]
[WhiteFideId "5008352"]
[BlackFideId "13302000"]
[EventDate "2017.06.21"]

1. e4 c5 2. Nf3 d6 3. d4 cxd4 4. Nxd4 Nf6 5. Nc3 a6 6. Be3 Ng4 7. Bg5 h6 8. Bh4
g5 9. Bg3 Bg7 10. Be2 h5 11. h4 gxh4 12. Bxh4 Nc6 13. Nb3 Be6 14. Qd2 Rc8 15.
Nd5 Bxb2 16. Rb1 Bg7 17. c4 Rg8 18. Kf1 Bf6 19. Bxf6 Nxf6 20. Nxf6+ exf6 21. Nd4
Nxd4 22. Qxd4 Qc7 23. Rxh5 Ke7 24. Rh6 Rg6 25. Rxg6 fxg6 26. Kg1 Bxc4 27. Rc1 b5
28. Qd2 Qd7 29. Bxc4 Rxc4 30. Re1 Qe6 31. Qe3 Rc5 32. a3 g5 33. Qf3 Kf7 34. Rd1
Rc4 35. Re1 Kg7 36. Qe3 Kg6 37. f4 gxf4 38. Qxf4 d5 39. Qg3+ Kf7 40. exd5 Qxd5
41. Qh3 Qd4+ 42. Kf1 Kg6 43. Qh8 Qf4+ 44. Kg1 Qd4+ 45. Kf1 Qd5 46. Qe8+ Kg5 47.
Kg1 Rg4 48. Qe3+ Kg6 49. Qe8+ Kg5 50. Qe3+ Kg6 51. Qe8+ Qf7 52. Qa8 Qc4 53. Qe8+
Kg5 54. Qe3+ Qf4 55. Qc5+ Kg6 56. Qc2+ Qf5 57. Qc6 Rc4 58. Qe8+ Kg5 59. Qg8+ Qg6
60. Qd5+ Qf5 61. Qg8+ Qg6 62. Qd5+ Kh6 63. Qd8 Qf5 64. Qh8+ Kg5 65. Qg8+ Qg6 1/2-1/2

[Event "10th Asrian Memorial 2017"]
[Site "Yerevan ARM"]
[Date "2017.06.24"]
[Round "4.5"]
[White "Arutinian, David"]
[Black "Zubov, Alexander"]
[Result "0-1"]
[WhiteTitle "GM"]
[BlackTitle "GM"]
[WhiteElo "2527"]
[BlackElo "2612"]
[WhiteFideId "13601741"]
[BlackFideId "14109409"]
[EventDate "2017.06.21"]

1. c4 Nf6 2. Nf3 g6 3. g3 Bg7 4. Bg2 O-O 5. O-O c6 6. d4 d5 7. Nbd2 Ne4 8. Qb3
a5 9. cxd5 cxd5 10. Ne5 a4 11. Qe3 Nd6 12. f4 Nc6 13. Qf2 e6 14. e4 Ne7 15. Rd1
b6 16. exd5 Nxd5 17. Nf1 Bb7 18. Be3 Qe7 19. Qe2 a3 20. Rdc1 Ba6 21. Qf2 axb2
22. Qxb2 Bxf1 23. Bxd5 exd5 24. Rxf1 f6 25. Qb3 Nf5 26. Qxd5+ Kh8 27. Bf2 fxe5
28. dxe5 Rad8 29. Qb5 Nd4 30. Qxb6 Nf3+ 31. Kg2 Qd7 32. Rad1 Nh4+ 0-1

[Event "10th Asrian Memorial 2017"]
[Site "Yerevan ARM"]
[Date "2017.06.24"]
[Round "4.6"]
[White "Martirosyan, Haik M."]
[Black "Pashikian, Arman"]
[Result "1/2-1/2"]
[WhiteTitle "IM"]
[BlackTitle "GM"]
[WhiteElo "2516"]
[BlackElo "2603"]
[WhiteFideId "13306553"]
[BlackFideId "13301578"]
[EventDate "2017.06.21"]

1. e4 e5 2. Nf3 Nc6 3. Bb5 Nf6 4. d3 Bc5 5. c3 O-O 6. O-O Re8 7. b4 Bb6 8. Bc4
d6 9. a4 a5 10. b5 Ne7 11. Qb3 Rf8 12. Ba3 Ng6 13. Nbd2 Nh5 14. d4 Qf6 15. dxe5
Nxe5 16. Nxe5 Qxe5 17. Nf3 Qf6 18. e5 Qg6 19. Bc1 Bh3 20. Ng5 Bf5 21. h3 Ng3 22.
Re1 Ne4 23. Nxe4 Bxe4 24. Bf1 Rae8 25. Be3 Bxe3 26. Rxe3 Rxe5 27. Rae1 Rfe8 28.
Qc4 c6 29. Qd4 c5 30. Qd2 b6 31. f3 Bf5 32. Rxe5 dxe5 33. Rxe5 Be6 34. Bc4 Qf6
35. Qe3 Kf8 36. f4 Bd7 37. Qd3 Rxe5 38. fxe5 Qe7 39. Qf3 g6 40. Bd5 Kg7 41. Qf4
h5 42. c4 Bf5 43. Be4 Be6 44. Bd5 Bf5 45. Be4 Be6 1/2-1/2

[Event "10th Asrian Memorial 2017"]
[Site "Yerevan ARM"]
[Date "2017.06.24"]
[Round "4.7"]
[White "Sargsyan, Shant"]
[Black "Ter-Sahakyan, Samvel"]
[Result "1/2-1/2"]
[WhiteTitle "IM"]
[BlackTitle "GM"]
[WhiteElo "2409"]
[BlackElo "2598"]
[WhiteFideId "13306766"]
[BlackFideId "13302531"]
[EventDate "2017.06.21"]

1. d4 d5 2. c4 c6 3. Nf3 Nf6 4. Nc3 dxc4 5. a4 e6 6. e3 c5 7. Bxc4 cxd4 8. Nxd4
a6 9. O-O Bd6 10. b3 O-O 11. Bb2 Qe7 12. h3 Bd7 13. e4 Nc6 14. Re1 Ne5 15. Bf1
Bc5 16. Nc2 Rfd8 17. Qe2 Bc6 18. Rad1 h5 19. Nd5 exd5 20. exd5 Rxd5 21. Rxd5
Bxd5 22. Qxe5 Qxe5 23. Rxe5 Rc8 24. Na1 Bb4 25. Re2 Ne4 26. Nc2 Bc5 27. b4 Ba7
28. Ne3 Be6 29. a5 h4 30. Re1 f5 31. Rc1 Rd8 32. Rd1 Rxd1 33. Nxd1 Bb3 34. Ne3
Kf7 35. b5 axb5 36. Bxb5 g5 37. Bd3 Be6 38. Kf1 Bc5 39. a6 bxa6 40. Bxa6 f4 41.
Nd1 f3 42. Bb7 fxg2+ 43. Kxg2 Nf6 44. Bxf6 Kxf6 45. Ne3 Ke5 46. Ng4+ Kf4 47. Bc6 1/2-1/2

[Event "10th Asrian Memorial 2017"]
[Site "Yerevan ARM"]
[Date "2017.06.24"]
[Round "4.8"]
[White "Hovhannisyan, Robert"]
[Black "Mkrtchian, Lilit"]
[Result "1-0"]
[WhiteTitle "GM"]
[BlackTitle "IM"]
[WhiteElo "2621"]
[BlackElo "2409"]
[WhiteFideId "13302507"]
[BlackFideId "13300601"]
[EventDate "2017.06.21"]

1. e4 e6 2. d4 d5 3. Nc3 Nf6 4. e5 Nfd7 5. f4 c5 6. Nf3 Nc6 7. Be3 Be7 8. Qd2 a6
9. dxc5 Nxc5 10. Qf2 Qa5 11. Bd3 Na4 12. O-O Nxb2 13. Ne2 Qa3 14. Kh1 Nxd3 15.
cxd3 Qxd3 16. Rad1 Qa3 17. f5 exf5 18. Nf4 Be6 19. Nh5 Rg8 20. Rb1 b5 21. Rb3
Qa4 22. Rc3 Rc8 23. Bg5 Qg4 24. Bxe7 Nxe7 25. Rxc8+ Nxc8 26. Ng3 g6 27. Ne2 Kf8
28. Ned4 Kg7 29. Rc1 Re8 30. Qd2 Nb6 31. h3 Qg3 32. Kg1 Nc4 33. Rxc4 dxc4 34.
Ne2 Qxf3 35. gxf3 Rc8 36. Nd4 Re8 37. f4 c3 38. Qxc3 Bxa2 39. e6 Kg8 40. Qc6 Kf8
41. Qd6+ Kg8 42. Qd7 Rxe6 43. Nxe6 Bxe6 44. Qd8+ Kg7 45. Kf2 1-0

[Event "10th Asrian Memorial 2017"]
[Site "Yerevan ARM"]
[Date "2017.06.25"]
[Round "5.1"]
[White "Kovalenko, Igor"]
[Black "Maghsoodloo, Parham"]
[Result "1/2-1/2"]
[WhiteTitle "GM"]
[BlackTitle "GM"]
[WhiteElo "2656"]
[BlackElo "2584"]
[WhiteFideId "14117908"]
[BlackFideId "12539929"]
[EventDate "2017.06.21"]

1. c4 e5 2. Nc3 Bb4 3. Nd5 Na6 4. e3 Nf6 5. a3 Be7 6. b4 c5 7. Bb2 d6 8. Qc2
Nxd5 9. cxd5 cxb4 10. Bxa6 bxa6 11. axb4 O-O 12. Ne2 Qb6 13. O-O Bd7 14. Ng3
Qxb4 15. f4 Rac8 16. Bc3 Qc4 17. Nf5 Bxf5 18. Qxf5 g6 19. Qh3 f5 20. fxe5 dxe5
21. Qg3 f4 22. exf4 exf4 23. Qg4 Rf5 24. Kh1 Rcf8 25. Rfc1 Qd3 26. Qf3 Rxd5 27.
Rxa6 Bc5 28. Re1 Qxf3 29. gxf3 Bb6 30. Re7 Rf7 1/2-1/2

[Event "10th Asrian Memorial 2017"]
[Site "Yerevan ARM"]
[Date "2017.06.25"]
[Round "5.3"]
[White "Zubov, Alexander"]
[Black "Postny, Evgeny"]
[Result "1-0"]
[WhiteTitle "GM"]
[BlackTitle "GM"]
[WhiteElo "2612"]
[BlackElo "2580"]
[WhiteFideId "14109409"]
[BlackFideId "2804344"]
[EventDate "2017.06.21"]

1. c4 c6 2. Nf3 d5 3. e3 Nf6 4. Nc3 a6 5. b3 g6 6. Bb2 Bg7 7. Be2 O-O 8. O-O Bg4
9. d3 Nbd7 10. h3 Bxf3 11. Bxf3 e6 12. Qc2 Re8 13. Rad1 Rc8 14. d4 Qe7 15. Rfe1
h5 16. e4 dxe4 17. Bxe4 Nxe4 18. Nxe4 Nf6 19. Nc5 Qc7 20. Re3 Rcd8 21. Qe2 Nd7
22. Nd3 Nf8 23. Ne5 Nd7 24. Nf3 Nf6 25. Red3 Qd6 26. Bc1 Nd7 27. Bg5 Rc8 28. Bh4
Qc7 29. Re3 b5 30. Ne5 Nxe5 31. dxe5 bxc4 32. bxc4 Rb8 33. Bg3 Qb6 34. Qf3 Red8
35. Rd6 Qb1+ 36. Kh2 Qxa2 37. Qf4 Qa1 38. Bh4 Rf8 39. Be7 Rfe8 40. Rd7 Rb1 41.
Bd6 f5 42. Qg5 Rh1+ 43. Kg3 h4+ 44. Qxh4 Qd1 45. Qg5 Qh5 46. Qxh5 gxh5 47. Kh4
f4 48. Re4 f3 49. g3 Kh7 50. Kxh5 Rxh3+ 51. Kg5 Ra8 52. Rf4 Kg8 53. Rxf3 Rh7 54.
Kg4 Bh6 55. Rxh7 Kxh7 56. Rf7+ Kg8 57. Rf6 Bc1 58. Rxe6 a5 59. Bc5 Bb2 60. Rxc6
a4 61. f4 a3 62. Bxa3 Rxa3 63. Rc7 Bd4 64. c5 Bf2 65. c6 Rxg3+ 66. Kf5 Rc3 67.
Kg6 Kf8 68. f5 Bb6 69. Rc8+ Ke7 70. f6+ Ke6 71. Re8+ Kd5 72. e6 Rg3+ 73. Kf7
Kxc6 74. e7 Kd5 1-0

[Event "10th Asrian Memorial 2017"]
[Site "Yerevan ARM"]
[Date "2017.06.25"]
[Round "5.4"]
[White "Andriasian, Zaven"]
[Black "Visakh, N R"]
[Result "1/2-1/2"]
[WhiteTitle "GM"]
[BlackTitle "IM"]
[WhiteElo "2622"]
[BlackElo "2470"]
[WhiteFideId "13302000"]
[BlackFideId "25012223"]
[EventDate "2017.06.21"]

1. e4 e5 2. Nf3 Nc6 3. Bb5 Nf6 4. d3 Bc5 5. c3 d6 6. O-O O-O 7. Nbd2 Bb6 8. h3
Ne7 9. Nc4 c6 10. Nxb6 axb6 11. Ba4 Ng6 12. Bc2 Re8 13. Re1 h6 14. d4 Qc7 15.
Be3 b5 16. Nd2 Be6 17. a4 bxa4 18. Rxa4 Rxa4 19. Bxa4 d5 20. Bc2 Nxe4 21. Nxe4
dxe4 22. Bxe4 f5 23. d5 cxd5 24. Bxd5 Qf7 25. Bxe6 Rxe6 26. f3 Kh7 27. Qd8 Re8
28. Qd2 Qe6 29. Rd1 Qb3 30. Rc1 Ra8 31. Qc2 Qf7 32. Rd1 Re8 33. Re1 b5 34. Kh1
Rd8 35. b3 Rc8 36. Rc1 Ne7 37. c4 bxc4 38. bxc4 Kg8 39. Bf2 Nc6 40. Qa4 Nd4 41.
Qa6 Qe6 42. Qxe6+ Nxe6 43. Re1 Rxc4 44. Rxe5 Rc1+ 45. Kh2 Rc2 46. Kg1 Rc1+ 47.
Kh2 Rc2 48. Be3 f4 49. Rxe6 Re2 50. Re4 fxe3 51. h4 h5 52. Kg3 Kf7 53. Re5 1/2-1/2

[Event "10th Asrian Memorial 2017"]
[Site "Yerevan ARM"]
[Date "2017.06.25"]
[Round "5.5"]
[White "Kotanjian, Tigran"]
[Black "Hovhannisyan, Robert"]
[Result "1-0"]
[WhiteTitle "GM"]
[BlackTitle "GM"]
[WhiteElo "2486"]
[BlackElo "2621"]
[WhiteFideId "13301250"]
[BlackFideId "13302507"]
[EventDate "2017.06.21"]

1. Nf3 d5 2. c4 d4 3. g3 Nc6 4. Bg2 e5 5. O-O e4 6. Ne1 h5 7. d3 h4 8. dxe4 hxg3
9. hxg3 Bh3 10. Bxh3 Rxh3 11. Kg2 Qd7 12. Nd3 Nf6 13. Nd2 Ng4 14. Rh1 Rxh1 15.
Qxh1 O-O-O 16. Nb3 Qe6 17. Qh7 Nce5 18. Bg5 f6 19. Bf4 Kb8 20. c5 Re8 21. Qf5
Qa6 22. Bxe5 Nxe5 23. Nxe5 fxe5 24. Rh1 Qxa2 25. Rh8 a5 26. Rxf8 Rxf8 27. Qxf8+
Ka7 28. Qxg7 Qxb3 29. Qxc7 a4 30. c6 Qxb2 31. Qa5+ Kb8 32. Qxe5+ Ka7 33. Qa5+
Kb8 34. Qd8+ 1-0

[Event "10th Asrian Memorial 2017"]
[Site "Yerevan ARM"]
[Date "2017.06.25"]
[Round "5.6"]
[White "Pashikian, Arman"]
[Black "Hakobyan, Aram"]
[Result "1/2-1/2"]
[WhiteTitle "GM"]
[BlackTitle "IM"]
[WhiteElo "2603"]
[BlackElo "2449"]
[WhiteFideId "13301578"]
[BlackFideId "13306677"]
[EventDate "2017.06.21"]

1. d4 e6 2. Nf3 c5 3. e3 Nf6 4. c4 d5 5. cxd5 exd5 6. Bb5+ Bd7 7. Bxd7+ Qxd7 8.
O-O Nc6 9. b3 Rc8 10. dxc5 Bxc5 11. Bb2 Be7 12. Nc3 O-O 13. Qe2 Rfd8 14. Rfd1
Qe6 15. Rac1 Ne4 16. Nb5 Bf6 17. Nbd4 Nxd4 18. Bxd4 Rxc1 19. Rxc1 Rc8 20. Qb2
Rc6 21. Rxc6 Qxc6 22. Bxf6 Nxf6 23. Nd4 Qc8 24. f3 g6 25. Ne2 Ne8 26. Qe5 Qe6
27. Qd4 b6 28. Nf4 Qf5 29. Qa4 Qe5 30. Nxd5 Nc7 1/2-1/2

[Event "10th Asrian Memorial 2017"]
[Site "Yerevan ARM"]
[Date "2017.06.25"]
[Round "5.7"]
[White "Ter-Sahakyan, Samvel"]
[Black "Martirosyan, Haik M."]
[Result "0-1"]
[WhiteTitle "GM"]
[BlackTitle "IM"]
[WhiteElo "2598"]
[BlackElo "2516"]
[WhiteFideId "13302531"]
[BlackFideId "13306553"]
[EventDate "2017.06.21"]

1. e4 e5 2. Nf3 Nc6 3. Bb5 Nf6 4. d3 Bc5 5. c3 O-O 6. O-O d6 7. h3 h6 8. Re1 Bd7
9. Nbd2 Ne7 10. Bxd7 Qxd7 11. b4 Bb6 12. Nc4 c6 13. a4 Bc7 14. Be3 Ng6 15. Qc2
d5 16. Ncd2 Rfe8 17. Nb3 Bb6 18. Bxb6 axb6 19. c4 Nh5 20. Qe2 Nhf4 21. Qf1 f5
22. Kh2 Rad8 23. Rad1 Qf7 24. cxd5 cxd5 25. exf5 Qxf5 26. Ng1 Rc8 27. a5 Rc3 28.
Nd4 Qf8 29. Ndf3 Qxb4 30. axb6 Qxb6 31. Re3 Rc2 32. Ne2 Rf8 33. Nxf4 Nxf4 34.
Rd2 Rxd2 35. Nxd2 Qc7 36. Kg1 Rf6 37. g3 Ne6 38. h4 Nd4 39. Qg2 Qd6 40. Nf3
Nxf3+ 41. Rxf3 Rxf3 42. Qxf3 Qe6 43. Qe3 Qf5 44. f3 b5 45. Kf2 e4 46. dxe4 dxe4
47. f4 Qd5 48. Qc3 Kh7 49. g4 h5 50. g5 Qf5 51. Qc7 b4 52. Qb8 Qc5+ 53. Ke2 Qc2+
54. Ke1 e3 55. g6+ Qxg6 56. Qxb4 Qc2 0-1

[Event "10th Asrian Memorial 2017"]
[Site "Yerevan ARM"]
[Date "2017.06.25"]
[Round "5.8"]
[White "Danielian, Elina"]
[Black "Sengupta, Deep"]
[Result "1/2-1/2"]
[WhiteTitle "GM"]
[BlackTitle "GM"]
[WhiteElo "2451"]
[BlackElo "2594"]
[WhiteFideId "13300210"]
[BlackFideId "5008352"]
[EventDate "2017.06.21"]

1. d4 d5 2. Nf3 Nf6 3. c4 c6 4. e3 e6 5. Bd3 Nbd7 6. O-O Bd6 7. Nbd2 O-O 8. e4
dxe4 9. Nxe4 Nxe4 10. Bxe4 h6 11. Bc2 e5 12. c5 Bc7 13. Qd3 f5 14. dxe5 Nxe5 15.
Nxe5 Bxe5 16. Qc4+ Kh8 17. Bf4 Qd4 18. Qxd4 Bxd4 19. Rad1 Bxb2 20. Rfe1 b6 21.
h4 Bc3 22. Re7 Bf6 23. Rc7 bxc5 24. Rxc6 c4 25. Rxc4 Be6 26. Ra4 Rfd8 27. Rxd8+
Bxd8 28. Be3 a5 29. Bb3 Bxb3 30. axb3 Rb8 31. Bd2 Rb5 32. b4 Rd5 33. Be3 f4 34.
Ba7 Rd1+ 35. Kh2 Rd7 36. Bc5 Rd5 37. Ba7 Rd7 38. Bc5 Rd5 39. Ba7 axb4 40. Rxb4
Bc7 41. Bb8 Bxb8 42. Rxb8+ Kh7 1/2-1/2

[Event "10th Asrian Memorial 2017"]
[Site "Yerevan ARM"]
[Date "2017.06.26"]
[Round "6.1"]
[White "Melkumyan, Hrant"]
[Black "Zubov, Alexander"]
[Result "1/2-1/2"]
[WhiteTitle "GM"]
[BlackTitle "GM"]
[WhiteElo "2624"]
[BlackElo "2612"]
[WhiteFideId "13302485"]
[BlackFideId "14109409"]
[EventDate "2017.06.21"]

1. Nf3 Nf6 2. c4 g6 3. Nc3 Bg7 4. e4 O-O 5. d4 d6 6. Be2 c6 7. O-O e5 8. Be3
exd4 9. Nxd4 Re8 10. f3 d5 11. cxd5 Nxd5 12. Nxd5 cxd5 13. Bb5 Bd7 14. Qb3 Bxd4
15. Bxd4 Bxb5 16. Qxb5 dxe4 17. Rad1 Nc6 18. Bc3 Qb6+ 19. Qxb6 axb6 20. Rd7 Re7
21. Rxe7 Nxe7 22. Rd1 Kf8 23. fxe4 Ke8 24. a3 Ra4 25. e5 Rc4 26. Kf2 h5 27. Kf3
Rc6 28. h3 Nf5 29. g4 hxg4+ 30. hxg4 Ng7 31. Bd4 Ne6 32. Be3 Rc2 33. b4 Rc3 34.
Ke4 b5 35. Rd6 Rc4+ 36. Kf3 Rc6 37. Rd5 Rc3 38. Ke4 Nc7 39. Rc5 Rxc5 40. Bxc5
Kd7 41. Bb6 Ne6 42. Kd5 1/2-1/2

[Event "10th Asrian Memorial 2017"]
[Site "Yerevan ARM"]
[Date "2017.06.26"]
[Round "6.2"]
[White "Harutyunian, Tigran K."]
[Black "Kovalenko, Igor"]
[Result "0-1"]
[WhiteTitle "IM"]
[BlackTitle "GM"]
[WhiteElo "2523"]
[BlackElo "2656"]
[WhiteFideId "13303635"]
[BlackFideId "14117908"]
[EventDate "2017.06.21"]

1. Nf3 d5 2. c4 d4 3. b4 Bg4 4. Qb3 Nc6 5. d3 Bxf3 6. exf3 e6 7. b5 Ne5 8. Be2
Nd7 9. f4 Bd6 10. a4 a5 11. Qb2 Qf6 12. g3 h5 13. h4 Ne7 14. O-O Qg6 15. Kh2 Nf5
16. Bf3 e5 17. c5 Nxc5 18. fxe5 Nxd3 19. Qe2 Nxe5 20. Bxb7 O-O 21. Bxa8 Rxa8 22.
Bf4 Re8 23. Kh1 d3 24. Qd1 Nxh4 25. Nd2 Qf5 26. Kg1 Re6 27. Ra2 Qh3 28. gxh4
Rg6+ 29. Bg5 Ng4 30. Nf3 Bh2+ 31. Kh1 Bf4+ 32. Kg1 Ne5 0-1